书目信息 |
| 题名: |
小学教育研究方法
|
|
| 作者: | 孟宪乐 , 徐艳伟 主编 | |
| 分册: | ||
| 出版信息: | 南京 南京大学出版社 2021.2 |
|
| 页数: | 171页 | |
| 开本: | 26cm | |
| 丛书名: | ||
| 单 册: | ||
| 中图分类: | G620 | |
| 科图分类: | ||
| 主题词: | 小学教育--教育研究--高等学校--教材 | |
| 电子资源: | ||
| ISBN: | 978-7-305-23135-3 | |
| 000 | 00933nam0 2200253 45 | |
| 001 | 012001001810 | |
| 005 | 20140821135417.0 | |
| 010 | @a978-7-305-23135-3@dCNY32.00 | |
| 100 | @a20201106d2020 em y0chiy0110 ea | |
| 101 | 0 | @achi |
| 102 | @aCN@b320000 | |
| 105 | @aa z 000yy | |
| 106 | @ar | |
| 200 | 1 | @a小学教育研究方法@Axiao xue jiao yu yan jiu fang fa@f孟宪乐, 徐艳伟主编 |
| 210 | @a南京@c南京大学出版社@d2021.2 | |
| 215 | @a171页@c图@d26cm | |
| 300 | @a高等院校小学教育专业系列教材/陈冬花等总主编 | |
| 330 | @a本书共十章,内容包括:教育研究概述、教育研究的选题与开题、文献研究法、教育观察法、教育调查法、教育实验研究法、教育个案研究法、教育行动研究法、教育叙事研究法、教育研究成果的表述与规范。 | |
| 606 | 0 | @a小学教育@x教育研究@x高等学校@j教材 |
| 690 | @aG620@v5 | |
| 701 | 0 | @a孟宪乐@Ameng xian le@4主编 |
| 701 | 0 | @a徐艳伟@Axu yan wei@4主编 |
| 801 | @aCN@bAHXH@c20210922 | |
| 905 | @b1252787-91@dG620@e1636@f5 | |
| 小学教育研究方法/孟宪乐, 徐艳伟主编.-南京:南京大学出版社,2021.2 |
| 171页:图;26cm |
| 高等院校小学教育专业系列教材/陈冬花等总主编 |
| ISBN 978-7-305-23135-3:CNY32.00 |
| 本书共十章,内容包括:教育研究概述、教育研究的选题与开题、文献研究法、教育观察法、教育调查法、教育实验研究法、教育个案研究法、教育行动研究法、教育叙事研究法、教育研究成果的表述与规范。 |
| ● |
| 相关链接 |
|
|
|
|
正题名:小学教育研究方法
索取号:G620/1636
 
预约/预借
| 序号 | 登录号 | 条形码 | 馆藏地/架位号 | 状态 | 备注 |
| 1 | 1252787 | 212527871 | 第一样本阅览室/ [索取号:G620/1636] | 在馆 | |
| 2 | 1252788 | 212527880 | 教育系资料室/ [索取号:G620/1636] | 在馆 | |
| 3 | 1252789 | 212527899 | 教育系资料室/ [索取号:G620/1636] | 在馆 | |
| 4 | 1252790 | 212527906 | 第四借阅区/ [索取号:G620/1636] | 在馆 | |
| 5 | 1252791 | 212527915 | 第四借阅区/ [索取号:G620/1636] | 在馆 |